| 000 | 00877nmm a2200253 a 4500 | ||
|---|---|---|---|
| 001 | ocm000703578 | ||
| 003 | TR-IsHL | ||
| 005 | 20201028141123.0 | ||
| 008 | 131219s2005 tu tur | ||
| 007 | cr cn | ||
| 035 |
_a703578 _b(N$T) |
||
| 050 | 0 | 4 |
_aHC492 _b.B65 2005 |
| 090 | 0 | 4 |
_aHC492 _b.B65 2005 |
| 245 | 1 | 0 |
_aBölgesel sektörel sorunlar ve çözüm önerileri AB müzakere sürecine doğru Türkiye ekonomisi _h[electronic resource] / _ced. İbrahim Öztürk |
| 260 |
_aİstanbul : _bMÜSİAD, _c2005 |
||
| 300 | _a306 p. | ||
| 650 | 4 | _aEkonomi ve Finans | |
| 650 | 4 | _aEconomics and Finance | |
| 650 | 0 | _aTürk Sanayii | |
| 650 | 0 | _aTurkish Industry | |
| 650 | 7 |
_aBUSINESS & ECONOMICS / Industries / General _2bisacsh |
|
| 700 | 1 | _aÖztürk, İbrahim | |
| 856 | 4 | 0 | _uhttp://search.ebscohost.com/login.aspx?direct=true&scope=site&db=e011xww&AN=703578 |
| 999 |
_c7649 _d7649 |
||